Efektívna rozbehová dĺžka vetra po vodnej hladine

Podrobná bibliografia
Hlavný autor: Harušťák, Vladimír (Autor)
Médium: Článok
Jazyk:slovenčina
Fyzický popis:Obr. 2. Tb. 3.
Predmet:

MARC

LEADER 00000nab a2200000 a 4500
001 vtls000134444
003 SK-MaSNL
005 20260304062025.0
008 250422c1982 xo 0 slo
015 |a SNBRB19rr/mm-uuuuu 
035 |a CL0144550 
035 |a urn:nbn:sk:snk-ab3jv 
035 |a (urnnbn)urn:nbn:sk:snk:ar-a04n76 
035 |a (uuid)610e887e-f246-4ca2-bd40-2d2268fbfe5d 
040 |a SNKBUCL  |b slo  |c SNKBUCL  |e AACR2 
041 0 |a slo 
044 |a xo  |c SK 
080 |a 556  |2 1981 
080 |a 551.5  |2 1981 
100 1 |a Harušťák, Vladimír  |4 aut  |9 1179391 
245 1 0 |a Efektívna rozbehová dĺžka vetra po vodnej hladine  |c Vladimír Harušťák 
300 |b Obr. 2. Tb. 3. 
650 0 7 |a voda  |2 snkbucl  |9 854 
650 0 7 |a hladina vodná  |2 snkbucl  |9 870978 
650 0 7 |a vietor  |2 snkbucl  |9 18410 
655 7 |a články z novín a časopisov  |2 snkbucl  |9 267496 
773 0 |t Vodohospodársky časopis  |g Roč. 30, č. 5 (1982), s. 556-561 
850 |a Slovenská národná knižnica 
852 |a Slovenská národná knižnica 
954 |a odborná, vedecká literatúra pôvodná (slovenská)  |2 lita 
958 |a article27 
958 |a RK 
958 |a OND 
958 |a EUIPO 
992 |a RBX 
999 |c 2736149  |d 2738079